000 00300nam a2200121Ia 4500
008 240731s9999 xx 000 0 und d
022 _a1547-3333
245 4 _aThe Humanistic Psychologist
260 _bRoutledge
856 _uhttps://www.tandfonline.com/loi/hthp20
942 _2ddc
942 _cTFEJ
999 _c79925
_d79925
945 _a1
_bMadushi Gamage
_c1
_dMadushi Gamage